Score 0/45 Timer 05:00
10 Plays Today
City Country % Correct
BarcelonaSpain
99.6%
MilanItaly
98.3%
MarseilleFrance
95%
BirminghamUnited Kingdom
94.3%
Saint PetersburgRussia
93.3%
ZürichSwitzerland
92.7%
IstanbulTurkey
91.6%
HamburgGermany
91.2%
KrakówPoland
89.9%
AntwerpBelgium
89.1%
CorkIreland
84.9%
ThessaloníkiGreece
78.6%
RotterdamNetherlands
77.9%
PortoPortugal
76.8%
GothenburgSweden
67.4%
BergenNorway
61.4%
GrazAustria
53.3%
SplitCroatia
50.2%
AarhusDenmark
43.1%
KharkivUkraine
42.4%
BrnoCzechia
39.2%
KaunasLithuania
33.8%
LimassolCyprus
33.4%
City Country % Correct
Les EscaldesAndorra
33.4%
Esch-sur-AlzetteLuxembourg
32.7%
EspooFinland
30%
Cluj-NapocaRomania
27.8%
MariborSlovenia
27.6%
Novi SadSerbia
27.4%
DaugavpilsLatvia
27.2%
DebrecenHungary
27.2%
NikšićMontenegro
26.1%
PlovdivBulgaria
25.8%
KošiceSlovakia
25.7%
Banja LukaBosnia and Herzegovina
25.6%
TartuEstonia
24.5%
TiraspolMoldova
23.4%
DurrësAlbania
19.3%
SerravalleSan Marino
17.6%
SchaanLiechtenstein
17.3%
BirkirkaraMalta
16.1%
KópavogurIceland
14.9%
PrizrenKosovo
14.2%
GomelBelarus
13.4%
KumanovoNorth Macedonia
12.9%

You're not logged in!

Compare scores with friends on all Sporcle quizzes.
OR
Log In

Sporcle TV

Today on Sporcle TV


Watch our educational content, quiz creation guides, and fun videos on Sporcle TV.

Show Comments

Extras

Top Quizzes Today


Score Distribution

Paid Content

Your Account Isn't Verified!

In order to create a playlist on Sporcle, you need to verify the email address you used during registration. Go to your Sporcle Settings to finish the process.

Report this User

Report this user for behavior that violates our Community Guidelines.

Details: